| 000 | 00644nam a2200181 a 4500 | ||
|---|---|---|---|
| 001 | 000035024 | ||
| 005 | 20200930074044.0 | ||
| 008 | 111024s1962 enk 000 0 eng d | ||
| 040 |
_aDO-SdBNP _bspa _cBNPHU |
||
| 082 |
_axxx _bC211p |
||
| 100 | 1 |
_aCamus, Albert _945504 |
|
| 245 | 1 | 3 |
_aLa peste / _cAlbert Camus ; edited W. J. Strachan. |
| 260 |
_aLondon : _bMethuen Educational Ltd, _c1962. |
||
| 300 |
_a338 p. ; _c18 cm. |
||
| 500 | _aLa biblioteca posee la tercera reimpresión (1969) de la segunda edición de 1962 | ||
| 590 | _aPerteneció a la biblioteca personal de Juan Isidro Jimenes Grullón | ||
| 700 | 1 |
_aW. J. Strachan, _eed. _960648 |
|
| 999 |
_c34515 _d34515 |
||